000 00471nam a2200181Ia 4500
003 IN-BaIIA
008 211028s9999 xx 000 0 eng d
020 _a81-7635-392-2
040 _cIIA Library
080 _a681.31
_bSMI
100 _aSmith, Roderick W
_935729
245 0 _aLinux
_bnetworking for your office
_cRoderick W. Smith
260 _aNew Delhi
_bTechmedia
_c2000
300 _a618p.
650 _aLinux
650 _aOperating System
_914912
942 _cBK
999 _c18651
_d18651